000
00249nam a2200097Ia 4500
001
853789
005
20250826174539.0
008
250824s9999 xx 000 0 und d
245
0
_a
ALLAH DE ÖTESİNİ BIRAK-2
_c
UĞUR KOŞAR
260
_b
DESTEK YAYINLARI
999
_c
853789
_d
853789